Собрание примеров, формул и задач из буквенного вычисления и алгебры: в 3-х отделениях

Chi tiết về thư mục
Tác giả chính: Гирш М. Мейер
Tác giả khác: Кирпичев Л. (переводчик)
Tóm tắt:Название отделений: Собрание примеров, формул и задач из алгебры.
Ngôn ngữ:Tiếng Nga
Được phát hành: Санкт-Петербург, Типография И. Глазунова и К⁰, 1844
Phiên bản:2-е изд., испр.
Những chủ đề:
Định dạng: Sách
KOHA link:https://koha.lib.tpu.ru/cgi-bin/koha/opac-detail.pl?biblionumber=335456

MARC

LEADER 00000nam0a2200000 4500
001 335456
005 20231102004745.0
035 |a (RuTPU)RU\TPU\book\361827 
090 |a 335456 
100 |a 20170922d1844 m y0rusy50 ca 
101 1 |a rus  |c ger 
102 |a RU 
105 |a y z 000zy 
200 1 |a Собрание примеров, формул и задач из буквенного вычисления и алгебры  |e в 3-х отделениях   |f М. Гирш  |g пер. Л. Кирпичева 
205 |a 2-е изд., испр. 
210 |a Санкт-Петербург  |c Типография И. Глазунова и К⁰  |d 1844 
215 |a 158, 155 с. 
300 |a Название отделений: Собрание примеров, формул и задач из алгебры. 
606 |a Алгебра  |2 stltpush  |3 (RuTPU)RU\TPU\subj\1723  |9 30429 
610 1 |a алгебра 
610 1 |a формулы 
610 1 |a задачи 
610 1 |a вычисления 
610 1 |a логарифмы 
675 |a 512  |v 4 
700 1 |a Гирш  |b М.  |g Мейер 
702 1 |a Кирпичев  |b Л.  |4 730 
801 1 |a RU  |b 63413507  |c 20170922 
801 2 |a RU  |b 63413507  |c 20170922  |g RCR 
942 |c BK